Experimental designs
Salvato in:
| Autori principali: | , |
|---|---|
| Natura: | Libro |
| Lingua: | inglese |
| Pubblicazione: |
Nueva York
John Wiley & Sons
1957
|
| Edizione: | 2a. ed |
| Soggetti: | |
| Tags: |
Aggiungi Tag
Nessun Tag, puoi essere il primo ad aggiungerne!!
|
MARC
| LEADER | 00000nam a2200000 a 4500 | ||
|---|---|---|---|
| 001 | UCQ8898 | ||
| 003 | CL-VaPUC | ||
| 008 | 981217e19570000US |||||||||||||||||eng|d | ||
| 082 | 0 | 4 | |a 519.5 |b COC |2 21 |
| 100 | 0 | |a Cochran, William Gemmell |e author |9 423206 | |
| 700 | 0 | |a Cox, Gertrude M |e author |9 423207 | |
| 245 | 1 | 0 | |a Experimental designs |
| 250 | |a 2a. ed | ||
| 300 | |a 611 p | ||
| 942 | |c BK | ||
| 945 | |d 19981217 00:00:00 |a crobeson | ||
| 260 | |a Nueva York |b John Wiley & Sons |c 1957 | ||
| 650 | 0 | |a Diseño de experimentos |9 260691 | |
| 650 | 7 | |a CIENCIA EXPERIMENTOS |2 CL-VaPUC |9 262622 | |
| 650 | 0 | |a Análisis de varianza |9 336938 | |
| 583 | |a last modification |c 19981217 00:00:00 |k Rodrigo Vera | ||
| 999 | |c 278064 |d 278062 | ||
| 952 | |0 0 |1 0 |4 0 |6 519_500000000000000_COC_1957 |7 0 |8 A |9 316401 |a BIBGIM |b BIBGIM |d 2019-11-20 |i 1305719 |o 519.5 COC 1957 |p 1305719 |r 2025-01-15 |w 2019-11-20 |y BK |k EST | ||